000 01197nam a2200217Ia 4500
003 Ost
005 20260416102400.0
008 260416s9999||||xx |||||||||||||| ||und||
040 _cfsecg
041 _aara
082 _a338.5
100 _aخطار، وهيبة
_eمؤلف
245 0 _a الاقتصاد الجزئي 1 :
_bدروس و تمارين محلولة : مطبوعة موجهة لطلبة السنة الاولى جذع مشترك /
_c وهيبة خطار
260 _aالجزائر
_bجامعة الجزائر3: كلية العلوم الإقتصادية، العلوم التجارية وعلوم التسيير
_c2022
300 _a150 ورقة
_bايضاحات
_c12 سم.
504 _aمراجع ص.140
520 _aمقدمة في التحليل الاقتصادي، نظرية الطلب، نظرية العرض، مرونة الطلب و العرض، توازن السوق، تحليل سلوك المستهلك( نظرية المستهلك).
653 _aالاقتصاد الجزئي
710 _aجامعة الجزائر3: كلية العلوم الإقتصادية، العلوم التجارية وعلوم التسيير
_eناشر علمي
942 _cHANDOUT
999 _c41366
_d41366